000
00300nam a2200133Ia 4500
008
220216s9999 xx 000 0 und d
100
_a
Langton H N
245
0
_a
Rubber in astronautics
260
_b
Planter
_c
1958
300
_a
581-587
650
_a
Astronautics
650
_a
Rubber
942
_c
JS
999
_c
67656
_d
67656